000 00641cam a22002291 4500
001 sa 67003723
003 DLC
005 20260227112340.0
008 920403s1966 ii c b 000 0 hino
010 _asa 67003723
035 _a(OCoLC)25588320
040 _aDLC
_cWaU
_dDLC
042 _apremarc
050 0 0 _aPK2605.K8
_bP3
100 1 _aPālīvāla, Nārāyaṇadatta,
_d1929-
245 1 0 _aKumāum̐nī (Hindī kī upabhāshā) ke kaviyoṃ kā vivecanātmaka adhyayana.
260 _c1966.
300 _a19, 368 p.
_bport.
_c25 cm.
500 _aIn Hindi.
504 _aBibliography: p. [364]-368.
650 0 _aPoets, Kumanni.
999 _c74013
_d74013